Statistics for Countries by Flag #2

Click here to take the quiz!

General Stats

  • This quiz has been taken 9 times
  • The average score is 13 of 15

Answer Stats

Answer% Correct
Denmark
100%
France
100%
Italy
100%
Mexico
100%
Poland
100%
India
89%
Portugal
89%
South Africa
89%
Cuba
78%
Iran
78%
Ukraine
78%
Wales
78%
Latvia
67%
Pakistan
67%
Vatican City
67%

Score Distribution

Percentile by Number Answered

Percent of People with Each Score

Your Score History

You have not taken this quiz